000 00764 a2200229 4500
005 20240802113438.0
008 080819t xxu||||| |||| 00| 0 eng d
010 _aENG-141131
020 _a9788196332945
_c495.00
035 _aEN-124663
037 _bDBAD
040 _adpl
_bEnglish
082 _a306.874
_21
100 _aShroff, Manjula Pooja
_969274
245 _aBaby Steps to Big Dream:
_bEssential Conversations For Modern Parents/
_cBy Manjula Pooja Shroff
250 _a1
260 _aNew Delhi
_bVitasta Publishing
_c2023
270 _a2/15, Ist Floor, Ansari Road, Darya Ganj
_bNew Delhi
_cDelhi
_e110002
300 _axxi,225p.
_c20cm(Hb)
650 _aBiography
_xpolitical
_969275
942 _adpl
_cEN
_2ddc
_h306.874
_mSHR
_e1
999 _c204710
_d204710